Los CEO con mejor desempeño en el mundo (Registro nro. 10949)
[ vista simple ]
| 000 -LEADER | |
|---|---|
| fixed length control field | 00416 a2200121 4500 |
| 001 - CONTROL NUMBER | |
| control field | ART_14898 |
| 005 - DATE AND TIME OF LATEST TRANSACTION | |
| control field | 20260410161614.0 |
| 008 - FIXED-LENGTH DATA ELEMENTS--GENERAL INFORMATION | |
| fixed length control field | 260409a |
| 100 1# - MAIN ENTRY--PERSONAL NAME | |
| Personal name | Ibarra, Herminia |
| 245 10 - TITLE STATEMENT | |
| Title | Los CEO con mejor desempeño en el mundo |
| 700 1# - ADDED ENTRY--PERSONAL NAME | |
| Personal name | Hansen, Morten T. |
| 773 0# - HOST ITEM ENTRY | |
| Title | Harvard Business Review |
| Related parts | Reinvente : su empresa, su estrategia, su carrera - Vol. 88, Nº 1 (ene./feb. 2010) |
| Record control number | REV340 |
No hay ítems disponibles.